1515 1169 1862 1975 1647 1018 1552 1946 1845 1893 1939 1454 1620 1880 1870 1222 1322 1210 1667 1436 1607 1482 1475 1650 1864 1042 1520 1332 1229 1826 1571 1483 1440 1077 1878 1420 1968 1643 1329 1762 1836 1996 1300 1495 1539 1628 1368 1003 1804 1916 1595 1165 1238 1004 1101 1760 1570 1292 1082 1400 1108 1731 1139 1285 1816 1625 1537 1972 1599 1341 1743 1638 1856 1183 1717 1559 1612 1301 1023 1696 1788 1249 1111 1098 1197 1410 1541 1252 1978 1335 1019 1520 1183 1383 1408 1046 1400 1519 1517 BCNSPRNW ULIB Ver.6.0+V

เปลี่ยนเป็นภาษาไทย

Change to English
 แสดงรายละเอียดบรรณานุกรม
  กลับหน้าหลัก

Brief Record : Get Marc (ISO 2709) : E-mail record : QR code < ปิดหน้าต่าง
LEADER : 00000nam 2200000uu 4500
001    13399114671
003     ULIB
008    120427s2544||||th 000 0 tha d
020    ^a9748222527
060 04 ^aWB50.1^bก495 2544
245 00 ^aการแพทย์พื้นบ้านกับการดูแลสุขภาพ/^c กรรณิการ์ พรมเสาร์, สรรสิริ
246 31 ^aTraditional medicine and health care coverage
250    ^aพิมพ์ครั้งที่ 2
260    ^a[กรุงเทพฯ] :^bสถาบันการแพทย์แผนไทย,^c2544
300    ^a531 หน้า ;^c22 ซม.
500    ^aSend to Single Search
650  2 ^aDelivery of Health Care
650  2 ^aMedicine, Oriental Traditional
650  2 ^aDelivery of Health Care
650  2 ^aMedicine, Oriental Traditional
650  4 ^aกั650 4 สาธารณสุขมูลฐาน
700 0  ^aกรรณิกา พรมเสาร์,^eผู้แปล
700 0  ^aสรรสิริ พรมเสาร์,^eผู้แปล
700 1  ^aBannerman, Robert H.^q(Robert Henry),^eed.
700 1  ^aBurton, John,^d1945-,^eed.
945    ^p500^l0^i13953
995    ^aกัณชพร
999 ^a ใช้งานได้ทุกระบบ
รายการนี้ยังไม่มีแท็ก
คุณยังไม่ได้ล็อกอิน คุณสามารถมีกิจกรรมร่วมกับเว็บไซต์ได้ แต่ต้องล็อกอินก่อน ::
  ล็อกอิน

รายการสื่อสารสนเทศ

ลำดับที่ ประเภท เลขเรียก/บาร์โค้ด สถานที่ สถานะ
- ไม่พบข้อมูล -

รายการใกล้เคียง
    หัวเรื่อง [Delivery of Health Care]
    หัวเรื่อง [Delivery of Health Care]

BibComment


ยังไม่เคยถูกคอมเมนท์

คอมเมนท์ทรัพยากรรายการนี้
  คอมเมนท์: การแพทย์พื้นบ้าน..


 Copyright 2026. Bcnsprnw @Library